书目信息 |
| 题名: |
2020注册道路工程师执业资格基础考试复习题集
|
|
| 作者: | 张铭 , 魏道升 , 曹纬浚 主编 ;注册工程师考试辅导用书编委会 编 | |
| 分册: | 上册 | |
| 出版信息: | 北京 人民交通出版社股份有限公司 2020.06 |
|
| 页数: | 495页 | |
| 开本: | 26cm | |
| 丛书名: | 2020全国勘察设计注册工程师考试辅导用书 | |
| 单 册: | ||
| 中图分类: | U41-44 | |
| 科图分类: | ||
| 主题词: | 道路工程--dao lu gong cheng--资格考试--习题集 | |
| 电子资源: | ||
| ISBN: | 978-7-114-16379-1 | |
| 000 | 01403nam 2200301 450 | |
| 001 | 012000061332 | |
| 005 | 20201024210217.0 | |
| 010 | @a978-7-114-16379-1@dCNY74.00 | |
| 100 | @a20200706d2020 em y0chiy50 ea | |
| 101 | 0 | @achi |
| 102 | @aCN@b110000 | |
| 105 | @aa q 000yy | |
| 106 | @ar | |
| 200 | 1 | @a2020注册道路工程师执业资格基础考试复习题集@A2020 zhu ce dao lu gong cheng shi zhi ye zi ge ji chu kao shi fu xi ti ji@h上册@f注册工程师考试辅导用书编委会编@g张铭, 魏道升, 曹纬浚主编 |
| 210 | @a北京@c人民交通出版社股份有限公司@d2020.06 | |
| 215 | @a495页@c图@d26cm | |
| 225 | 2 | @a2020全国勘察设计注册工程师考试辅导用书@A2020 quan guo kan cha she ji zhu ce gong cheng shi kao shi fu dao yong shu |
| 330 | @a本书按2019版考试大纲和考试真题编写, 收录考试真题 (含同类考试真题) 及练习题2000余道, 题量大、覆盖面广、贴合考试, 解析详尽、答案准确, 可使考生在短时间内提高做题速度和正确率, 巩固复习效果。 | |
| 410 | 0 | @12001 @a2020全国勘察设计注册工程师考试辅导用书 |
| 606 | 0 | @a道路工程@Adao lu gong cheng@x资格考试@j习题集 |
| 690 | @aU41-44@v5 | |
| 701 | 0 | @a张铭@Azhang ming@4主编 |
| 701 | 0 | @a魏道升@Awei dao shen@4主编 |
| 701 | 0 | @a曹纬浚@Acao wei jun@4主编 |
| 712 | 02 | @a注册工程师考试辅导用书编委会@Azhu ce gong cheng shi kao shi fu dao yong shu bian wei hui@4编 |
| 801 | 0 | @aCN@c20200706 |
| 905 | @a河南城建学院图书馆@dU41-44@f1@eZ142:1 | |
| 998 | @bbm004b-2020.07.15 18:02:32 | |
| 2020注册道路工程师执业资格基础考试复习题集.上册/注册工程师考试辅导用书编委会编/张铭, 魏道升, 曹纬浚主编.-北京:人民交通出版社股份有限公司,2020.06 |
| 495页:图;26cm.-(2020全国勘察设计注册工程师考试辅导用书) |
| ISBN 978-7-114-16379-1:CNY74.00 |
| 本书按2019版考试大纲和考试真题编写, 收录考试真题 (含同类考试真题) 及练习题2000余道, 题量大、覆盖面广、贴合考试, 解析详尽、答案准确, 可使考生在短时间内提高做题速度和正确率, 巩固复习效果。 |
| ● |
| 相关链接 |
|
|
|
正题名:2020注册道路工程师执业资格基础考试复习题
索取号:U41-44/Z142:1
 
预约/预借
| 序号 | 登录号 | 条形码 | 馆藏地/架位号 | 状态 | 备注 |
| 1 | 1497183 | 214971832 | 期刊室512/501自科库 51排1列2层/ [索取号:U41-44/Z142:1] | 在馆 |